Joueurs français a Chelsea - Statistiques

Statistiques générales
  • Ce quiz a été pris 128 fois
  • Le résultat moyen est 10 sur 22
Statistiques - réponses
Hint Réponse % Correct
2018 - 2021 Giroud
80%
2016 - 2023 Kanté
80%
2023 - Aujourd'hui Gusto
74%
2023- Aujourd'hui Nkunku
73%
2023 - 2025 Disasi
71%
2023 - Aujourd'hui Badiashile
71%
2008 - 2012 Anelka
68%
2022- Aujourd'hui Fofana
65%
2003 - 2008 Makélélé
58%
2007 - 2013 Malouda
57%
1999 - 2000 Deschamps
45%
2001 - 2004 Petit
42%
2014 - 2018 Zouma
42%
1996 - 2001 Leboeuf
38%
2001 - 2006 Gallas
36%
2005 - 2007 Diarra
25%
2017 - 2018 Bakayoko
21%
2023 - 2025 Ugochukwu
20%
2020 - 2024 Sarr
19%
2014 - 2017 Rémy
17%
1998 - 1998 Charvet
2%
1997 - 2001 Lambourde
2%
Aucun quiz correspondant
Distribution des résultats
% des personnes avec chaque résultat
Percentile par nombre de réponses
Votre historique - résultats
Vous n’avez pas pris ce quiz